00500nam a22001817a 450000500170000001000150001702000260003203500130005803700130007108200150008410000160009924500510011526000390016627000440020530000280024950000380027770000030031520100816141711.0 aENG-100700 c700.00a9789380190198 aEN-84233 bDBAD/PUB a305.230882 aDewan, Renu aReligious identity &prejudice /cby Renu Dewan aNew DelhibSatyam Pub. Housec2009 aN-3/25, Mohan GardenbNew Delhie110059 axii, 332 p. b24cm (Hb) aInclude bibliographical reference